| 000 | 00666cam a2200265 4500 | ||
|---|---|---|---|
| 008 | 090401t1993 xxu||||| |||| 00| 0 eng d | ||
| 020 | _a0728201909 | ||
| 035 | _a(Sirsi) u30390 | ||
| 041 | _aeng | ||
| 050 | _a333.0026 | ||
| 110 |
_aEstates Gazette _9298 |
||
| 245 | _aEstates Gazatte law reports 1993. Volume 1 | ||
| 260 |
_aLondon _bEstates Gazette Limited _c1993 |
||
| 300 | _a1v. ; 30cm. | ||
| 350 | _a0 | ||
| 650 | _aHOUSING | ||
| 650 |
_aLANDLORD AND TENANT _96252 |
||
| 650 | _aLAW REPORTS | ||
| 650 | _aPLANNING | ||
| 650 | _aPROPERTY | ||
| 690 | _aLAW | ||
| 700 |
_aDenyer-Green, Barry P. D. _xEditor |
||
| 942 | _n0 | ||
| 948 | _c04/03/1997 | ||
| 999 |
_c89491 _d89491 |
||